[Event "GER-chT U20 Girls"]
[Site "Magdeburg"]
[Date "2023.12.28"]
[Round "4.3"]
[White "Chung, Dana"]
[Black "Rosin, Ida"]
[Result "1-0"]
[WhiteElo "1289"]
[BlackElo "1199"]
[PlyCount "77"]
[EventDate "2023.12.26"]
[EventType "team-swiss"]
[EventRounds "7"]
[EventCountry "GER"]
[SourceTitle "CB03_2024"]
[SourceDate "2024.01.17"]
[SourceVersion "1"]
[SourceVersionDate "2024.01.17"]
[SourceQuality "1"]
[WhiteTeam "Karlsruhe SF"]
[BlackTeam "Luebeck"]
[WhiteTeamCountry "GER"]
[BlackTeamCountry "GER"]

1. e4 c5 2. Be2 e6 3. d3 Nc6 4. f4 d6 5. Nf3 Be7 6. 0-0 Qc7 7. Nbd2 Nf6 8. Nb3 0-0 9. Qe1 b6 10. Qg3 Nd4 11. Nbxd4 cxd4 12. Nxd4 e5 13. fxe5 dxe5 14. Bh6 g6 15. Bxf8 Kxf8 16. c3 Qc5 17. b4 Qxc3 18. Qxe5 Kg8 19. Qxe7 Qxd4+ 20. Kh1 Kg7 21. e5 Be6 22. exf6+ Kg8 23. Bf3 Rf8 24. Rae1 Qxd3 25. Rd1 Qb5 26. Rfe1 Qe8 27. Rxe6 Qc8 28. Red6 h6 29. Qxf8+ Qxf8 30. Rd8 Qxd8 31. Rxd8+ Kh7 32. Rf8 h5 33. Rxf7+ Kh6 34. Rxa7 Kg5 35. f7 b5 36. f8Q h4 37. Ra5 h3 38. Rxb5+ Kh4 39. Qf4# 1-0